<?xml version="1.0" encoding="UTF-8"?><?xml-stylesheet type="text/xsl" href="static/style.xsl"?><OAI-PMH xmlns="http://www.openarchives.org/OAI/2.0/" xmlns:xsi="http://www.w3.org/2001/XMLSchema-instance" xsi:schemaLocation="http://www.openarchives.org/OAI/2.0/ http://www.openarchives.org/OAI/2.0/OAI-PMH.xsd"><responseDate>2026-04-18T04:28:38Z</responseDate><request verb="GetRecord" identifier="oai:www.recercat.cat:2072/489387" metadataPrefix="marc">https://recercat.cat/oai/request</request><GetRecord><record><header><identifier>oai:recercat.cat:2072/489387</identifier><datestamp>2026-03-28T08:14:16Z</datestamp><setSpec>com_2072_98</setSpec><setSpec>col_2072_378192</setSpec></header><metadata><record xmlns="http://www.loc.gov/MARC21/slim" xmlns:dcterms="http://purl.org/dc/terms/" xmlns:xsi="http://www.w3.org/2001/XMLSchema-instance" xmlns:doc="http://www.lyncode.com/xoai" xsi:schemaLocation="http://www.loc.gov/MARC21/slim http://www.loc.gov/standards/marcxml/schema/MARC21slim.xsd">
   <leader>00925njm 22002777a 4500</leader>
   <datafield ind2=" " ind1=" " tag="042">
      <subfield code="a">dc</subfield>
   </datafield>
   <datafield ind2=" " ind1=" " tag="720">
      <subfield code="a">Foguet i Boreu, Francesc</subfield>
      <subfield code="e">author</subfield>
   </datafield>
   <datafield ind2=" " ind1=" " tag="260">
      <subfield code="c">2021</subfield>
   </datafield>
   <datafield ind2=" " ind1=" " tag="520">
      <subfield code="a">Estudio sobre 'Islàndia', de Lluïsa Cunillé, obra estrenada en el Teatre Nacional de Catalunya el 5 de octubre de 2017. Se interpreta como una suerte de fábula moral sobre la maldad y una crítica al neoliberalismo, en virtud de las cuales la isla referida en el título se convierte en una especie de paradigma irónico del 'paraíso' capitalista. A la luz intertextual de 'Candide ou l'optimisme' de Voltaire, 'Manhattan Transfer' de John Dos Passos y 'América' de Franz Kafka, referentes explícitos o implícitos en 'Islàndia', esta pieza teatral pretende reflexionar sobre las fisuras del sistema capitalista poco después del 'crash' financiero del 2008 que sumió Islandia en una crisis económica y social sin precedentes.</subfield>
   </datafield>
   <datafield ind1="8" ind2=" " tag="024">
      <subfield code="a">https://hdl.handle.net/2072/489387</subfield>
   </datafield>
   <datafield tag="653" ind2=" " ind1=" ">
      <subfield code="a">Teatro catalán contemporáneo</subfield>
   </datafield>
   <datafield tag="653" ind2=" " ind1=" ">
      <subfield code="a">Modernidad</subfield>
   </datafield>
   <datafield tag="653" ind2=" " ind1=" ">
      <subfield code="a">Lluïsa Cunillé</subfield>
   </datafield>
   <datafield ind2="0" ind1="0" tag="245">
      <subfield code="a">Bienvenidos al "paraíso": 'Islàndia', de Lluïsa Cunillé</subfield>
   </datafield>
</record></metadata></record></GetRecord></OAI-PMH>